| 000 | 00698nam a2200229 a 4500 | ||
|---|---|---|---|
| 001 | 13570 | ||
| 003 | BD-JhCC | ||
| 005 | 20240229082332.0 | ||
| 008 | 240229b2015 bg |||| ||a 000 0 ben d | ||
| 020 | _a9847013305873 | ||
| 035 | _a(BD-JhCC)13570 | ||
| 040 |
_aBD-JhCC _dBD-JhCC |
||
| 041 | _aBengali | ||
| 082 |
_a891.4435 _bFAR 2015 |
||
| 100 | _aআল ফারুকী,হাফিজ | ||
| 245 |
_aচার নাম্বার স্টুপিড / _cহাফিজ আল ফারুকী । |
||
| 260 |
_aঢাকা: _bকাকলী প্রকাশনী; _c2015. |
||
| 300 |
_a104 p. : _c22 cm |
||
| 650 | _aBengali Short Story. | ||
| 942 |
_2ddc _cBK |
||
| 999 |
_c13570 _d13570 |
||